[Event "2025 National K-12 Grade Championship"]
[Site "Spokane, WI USA, United States"]
[Date "2025.12.13"]
[Round "3.11"]
[White "Xu, Gordon Zhenyu"]
[Black "Razmov, Gabriel"]
[Result "1-0"]
[TimeControl "G/90; d10"]
[WhiteTitle "CM"]
[WhiteFideId "30981506"]
[BlackFideId "30990610"]
[WhiteElo "2258"]
[BlackElo "2009"]

1. e4 {[%clk 01:30:00]} e5 {[%clk 01:29:39]} {[%emt 00:00:31]} 2. Nf3 {[%clk
01:30:00]} {[%emt 00:00:03]} Nc6 {[%clk 01:29:32]} {[%emt 00:00:17]} 3. Bb5
{[%clk 01:30:00]} {[%emt 00:00:04]} a6 {[%clk 01:29:20]} {[%emt 00:00:23]} 4.
Ba4 {[%clk 01:30:00]} {[%emt 00:00:04]} d6 {[%clk 01:29:01]} {[%emt 00:00:28]}
5. c4 {[%clk 01:28:49]} {[%emt 00:01:22]} Bd7 {[%clk 01:23:21]} {[%emt
00:05:50]} 6. d4 {[%clk 01:25:17]} {[%emt 00:03:42]} Nf6 {[%clk 01:18:36]}
{[%emt 00:04:54]} 7. Nc3 {[%clk 01:25:01]} {[%emt 00:00:26]} Nxd4 {[%clk
01:12:58]} {[%emt 00:05:48]} 8. Nxd4 {[%clk 01:24:28]} {[%emt 00:00:43]} exd4
{[%clk 01:12:54]} {[%emt 00:00:14]} 9. Bxd7+ {[%clk 01:24:07]} {[%emt
00:00:31]} Qxd7 {[%clk 01:12:49]} {[%emt 00:00:15]} 10. Qxd4 {[%clk 01:24:07]}
{[%emt 00:00:04]} Be7 {[%clk 01:07:34]} {[%emt 00:05:25]} 11. O-O {[%clk
01:23:29]} {[%emt 00:00:48]} O-O-O {[%clk 01:01:08]} {[%emt 00:06:36]} 12. Bd2
{[%clk 01:12:05]} {[%emt 00:11:35]} h5 {[%clk 00:56:36]} {[%emt 00:04:42]} 13.
Nd5 {[%clk 01:09:23]} {[%emt 00:02:52]} Nxd5 {[%clk 00:49:58]} {[%emt
00:06:48]} 14. cxd5 {[%clk 01:09:23]} {[%emt 00:00:06]} Bf6 {[%clk 00:48:28]}
{[%emt 00:01:40]} 15. Qa7 {[%clk 01:07:39]} {[%emt 00:01:54]} Qb5 {[%clk
00:47:05]} {[%emt 00:01:33]} 16. Rac1 {[%clk 01:05:51]} {[%emt 00:01:58]} Kd7
{[%clk 00:44:15]} {[%emt 00:03:01]} 17. Qe3 {[%clk 01:02:01]} {[%emt 00:03:59]}
Rde8 {[%clk 00:39:07]} {[%emt 00:05:18]} 18. Rc2 {[%clk 00:59:04]} {[%emt
00:03:07]} Bd8 {[%clk 00:32:17]} {[%emt 00:07:00]} 19. Bc3 {[%clk 00:52:00]}
{[%emt 00:07:14]} f6 {[%clk 00:27:08]} {[%emt 00:05:19]} 20. b3 {[%clk
00:45:26]} {[%emt 00:06:43]} a5 {[%clk 00:19:10]} {[%emt 00:08:08]} 21. a4
{[%clk 00:43:31]} {[%emt 00:02:06]} Qa6 {[%clk 00:18:42]} {[%emt 00:00:38]} 22.
Rfc1 {[%clk 00:40:39]} {[%emt 00:03:01]} Qa8 {[%clk 00:12:59]} {[%emt
00:05:53]} 23. Qh3+ {[%clk 00:34:32]} {[%emt 00:06:17]} Ke7 {[%clk 00:12:59]}
{[%emt 00:00:08]} 24. Bxf6+ {[%clk 00:30:20]} {[%emt 00:04:22]} gxf6 {[%clk
00:12:30]} {[%emt 00:00:40]} 25. Rxc7+ {[%clk 00:30:20]} {[%emt 00:00:07]} Kf8
{[%clk 00:12:28]} {[%emt 00:00:11]} 26. Qd7 {[%clk 00:29:08]} {[%emt 00:01:22]}
Re7 {[%clk 00:12:20]} {[%emt 00:00:18]} 27. Qxd6 {[%clk 00:29:02]} {[%emt
00:00:16]} Kf7 {[%clk 00:07:39]} {[%emt 00:04:51]} 28. Qe6+ {[%clk 00:28:06]}
{[%emt 00:01:06]} Kg6 {[%clk 00:05:54]} {[%emt 00:01:54]} 29. Rxe7 {[%clk
00:27:25]} {[%emt 00:00:51]} Bxe7 {[%clk 00:05:54]} {[%emt 00:00:04]} 30. Qxe7
{[%clk 00:27:25]} {[%emt 00:00:04]} Rc8 {[%clk 00:05:48]} {[%emt 00:00:16]} 31.
Rc7 {[%clk 00:25:17]} {[%emt 00:02:18]} Rxc7 {[%clk 00:05:29]} {[%emt
00:00:30]} 32. Qxc7 {[%clk 00:25:17]} {[%emt 00:00:01]} Qa6 {[%clk 00:05:09]}
{[%emt 00:00:30]} 33. Qc4 {[%clk 00:24:02]} {[%emt 00:01:24]} Qd6 {[%clk
00:05:03]} {[%emt 00:00:17]} 34. h4 {[%clk 00:23:47]} {[%emt 00:00:25]} Qe5
{[%clk 00:04:25]} {[%emt 00:00:48]} 35. g3 {[%clk 00:23:44]} {[%emt 00:00:13]}
b6 {[%clk 00:04:15]} {[%emt 00:00:20]} 36. Qd3 {[%clk 00:23:29]} {[%emt
00:00:25]} Qa1+ {[%clk 00:03:29]} {[%emt 00:00:55]} 37. Kg2 {[%clk 00:23:29]}
{[%emt 00:00:04]} 1-0

[Event "2025 National K-12 Grade Championship"]
[Site "Spokane, WI USA, United States"]
[Date "2025.12.13"]
[Round "3.12"]
[White "Holder, Thomas"]
[Black "Vemparala, Nikash"]
[Result "1/2-1/2"]
[TimeControl "G/90; d10"]
[BlackTitle "CM"]
[WhiteFideId "39937186"]
[BlackFideId "30960967"]
[WhiteElo "2052"]
[BlackElo "2247"]

1. d4 {[%clk 01:30:00]} {[%emt 00:00:04]} d5 {[%clk 01:29:00]} {[%emt
00:01:12]} 2. c4 {[%clk 01:30:00]} {[%emt 00:00:07]} e6 {[%clk 01:29:00]}
{[%emt 00:00:02]} 3. Nc3 {[%clk 01:30:00]} {[%emt 00:00:05]} h6 {[%clk
01:29:00]} {[%emt 00:00:10]} 4. cxd5 {[%clk 01:29:08]} {[%emt 00:01:02]} exd5
{[%clk 01:28:58]} {[%emt 00:00:12]} 5. Bf4 {[%clk 01:29:07]} {[%emt 00:00:11]}
Nf6 {[%clk 01:28:53]} {[%emt 00:00:15]} 6. e3 {[%clk 01:29:01]} {[%emt
00:00:16]} Bd6 {[%clk 01:28:48]} {[%emt 00:00:15]} 7. Bxd6 {[%clk 01:29:01]}
{[%emt 00:00:08]} Qxd6 {[%clk 01:28:48]} {[%emt 00:00:06]} 8. Bd3 {[%clk
01:28:52]} {[%emt 00:00:18]} O-O {[%clk 01:27:42]} {[%emt 00:01:17]} 9. Nge2
{[%clk 01:27:03]} {[%emt 00:01:58]} Re8 {[%clk 01:26:23]} {[%emt 00:01:29]} 10.
Qd2 {[%clk 01:24:59]} {[%emt 00:02:14]} c6 {[%clk 01:25:16]} {[%emt 00:01:17]}
11. O-O {[%clk 01:24:15]} {[%emt 00:00:54]} b6 {[%clk 01:16:24]} {[%emt
00:09:04]} 12. Ng3 {[%clk 01:22:27]} {[%emt 00:01:56]} Ba6 {[%clk 01:14:49]}
{[%emt 00:01:46]} 13. f3 {[%clk 01:21:09]} {[%emt 00:01:27]} c5 {[%clk
01:08:13]} {[%emt 00:06:46]} 14. Bxa6 {[%clk 01:18:53]} {[%emt 00:02:27]} Nxa6
{[%clk 01:08:13]} {[%emt 00:00:09]} 15. Rad1 {[%clk 01:18:19]} {[%emt
00:00:44]} Rad8 {[%clk 01:06:03]} {[%emt 00:02:20]} 16. Rfe1 {[%clk 01:16:40]}
{[%emt 00:01:48]} Nc7 {[%clk 01:04:29]} {[%emt 00:01:45]} 17. Qf2 {[%clk
01:10:24]} {[%emt 00:06:26]} cxd4 {[%clk 00:58:18]} {[%emt 00:06:21]} 18. Rxd4
{[%clk 01:03:47]} {[%emt 00:06:47]} Ne6 {[%clk 00:57:19]} {[%emt 00:01:09]} 19.
Rdd1 {[%clk 01:03:28]} {[%emt 00:00:29]} Qe5 {[%clk 00:52:25]} {[%emt
00:05:02]} 20. Nge2 {[%clk 01:00:37]} {[%emt 00:03:03]} h5 {[%clk 00:44:09]}
{[%emt 00:08:26]} 21. Nd4 {[%clk 00:58:54]} {[%emt 00:01:52]} Nxd4 {[%clk
00:42:59]} {[%emt 00:01:21]} 22. Rxd4 {[%clk 00:58:32]} {[%emt 00:00:32]} Rd7
{[%clk 00:38:03]} {[%emt 00:05:06]} 23. Red1 {[%clk 00:55:59]} {[%emt
00:02:43]} Qxe3 {[%clk 00:35:35]} {[%emt 00:02:39]} 24. Qxe3 {[%clk 00:55:38]}
{[%emt 00:00:31]} Rxe3 {[%clk 00:35:35]} {[%emt 00:00:02]} 25. Nxd5 {[%clk
00:55:38]} {[%emt 00:00:09]} Nxd5 {[%clk 00:35:35]} {[%emt 00:00:05]} 26. Rxd5
{[%clk 00:55:38]} {[%emt 00:00:03]} Rxd5 {[%clk 00:35:12]} {[%emt 00:00:33]} 27.
Rxd5 {[%clk 00:55:38]} {[%emt 00:00:04]} Re2 {[%clk 00:34:47]} {[%emt
00:00:36]} 28. Rb5 {[%clk 00:54:48]} {[%emt 00:01:00]} g6 {[%clk 00:34:18]}
{[%emt 00:00:39]} 29. a4 {[%clk 00:53:53]} {[%emt 00:01:05]} Kg7 {[%clk
00:34:18]} {[%emt 00:00:06]} 30. a5 {[%clk 00:53:48]} {[%emt 00:00:15]} bxa5
{[%clk 00:34:18]} {[%emt 00:00:09]} 31. Rxa5 {[%clk 00:53:48]} {[%emt
00:00:03]} Rxb2 {[%clk 00:34:18]} {[%emt 00:00:04]} 32. Rxa7 {[%clk 00:53:48]}
{[%emt 00:00:04]} g5 {[%clk 00:32:53]} {[%emt 00:01:35]} 33. g3 {[%clk
00:52:05]} {[%emt 00:01:53]} Kg6 {[%clk 00:31:50]} {[%emt 00:01:13]} 34. Ra5
{[%clk 00:50:45]} {[%emt 00:01:29]} h4 {[%clk 00:31:19]} {[%emt 00:00:41]} 35.
gxh4 {[%clk 00:49:53]} {[%emt 00:01:02]} gxh4 {[%clk 00:31:19]} {[%emt
00:00:07]} 36. Ra4 {[%clk 00:49:53]} {[%emt 00:00:08]} Kg5 {[%clk 00:29:56]}
{[%emt 00:01:33]} 37. Rg4+ {[%clk 00:49:53]} {[%emt 00:00:06]} Kh5 {[%clk
00:29:56]} {[%emt 00:00:04]} 38. Rf4 {[%clk 00:49:34]} {[%emt 00:00:29]}
1/2-1/2

[Event "2025 National K-12 Grade Championship"]
[Site "Spokane, WI USA, United States"]
[Date "2025.12.13"]
[Round "3.13"]
[White "Gordon, Adam"]
[Black "Das, Aditeya"]
[Result "0-1"]
[TimeControl "G/90; d10"]
[BlackTitle "FM"]
[WhiteFideId "39981835"]
[BlackFideId "30975972"]
[WhiteElo "2004"]
[BlackElo "2382"]

1. e4 {[%clk 01:30:00]} {[%emt 00:00:01]} c5 {[%clk 01:26:28]} {[%emt
00:03:43]} 2. c3 {[%clk 01:30:00]} {[%emt 00:00:03]} d5 {[%clk 01:22:26]}
{[%emt 00:04:12]} 3. exd5 {[%clk 01:29:20]} {[%emt 00:00:51]} Qxd5 {[%clk
01:22:26]} {[%emt 00:00:02]} 4. d4 {[%clk 01:29:20]} {[%emt 00:00:04]} Nc6
{[%clk 01:22:17]} {[%emt 00:00:19]} 5. Nf3 {[%clk 01:29:20]} {[%emt 00:00:05]}
Bg4 {[%clk 01:20:40]} {[%emt 00:01:47]} 6. Be2 {[%clk 01:29:20]} {[%emt
00:00:06]} cxd4 {[%clk 01:19:04]} {[%emt 00:01:47]} 7. cxd4 {[%clk 01:29:18]}
{[%emt 00:00:11]} e6 {[%clk 01:18:06]} {[%emt 00:01:08]} 8. Nc3 {[%clk
01:29:16]} {[%emt 00:00:12]} Qd8 {[%clk 01:16:29]} {[%emt 00:01:47]} 9. O-O
{[%clk 01:28:20]} {[%emt 00:01:06]} Nf6 {[%clk 01:16:11]} {[%emt 00:00:29]} 10.
Be3 {[%clk 01:27:43]} {[%emt 00:00:46]} Bd6 {[%clk 01:15:41]} {[%emt 00:00:40]}
11. h3 {[%clk 01:27:43]} {[%emt 00:00:06]} Bh5 {[%clk 01:14:40]} {[%emt
00:01:11]} 12. Qb3 {[%clk 01:24:19]} {[%emt 00:03:34]} Rb8 {[%clk 01:02:42]}
{[%emt 00:12:08]} 13. Rfd1 {[%clk 01:17:57]} {[%emt 00:06:32]} Nd5 {[%clk
01:00:36]} {[%emt 00:02:17]} 14. Kh1 {[%clk 01:09:26]} {[%emt 00:08:40]} Bc7
{[%clk 00:36:22]} {[%emt 00:24:24]} 15. Nxd5 {[%clk 01:03:19]} {[%emt
00:06:17]} exd5 {[%clk 00:32:24]} {[%emt 00:04:08]} 16. Rac1 {[%clk 00:55:41]}
{[%emt 00:07:48]} O-O {[%clk 00:25:19]} {[%emt 00:07:16]} 17. Ng1 {[%clk
00:47:47]} {[%emt 00:08:04]} Qd6 {[%clk 00:21:44]} {[%emt 00:03:44]} 18. g3
{[%clk 00:46:52]} {[%emt 00:01:04]} Bxe2 {[%clk 00:21:44]} {[%emt 00:00:03]} 19.
Nxe2 {[%clk 00:46:52]} {[%emt 00:00:05]} Qd7 {[%clk 00:21:44]} {[%emt
00:00:03]} 20. Kg2 {[%clk 00:46:43]} {[%emt 00:00:18]} Na5 {[%clk 00:21:44]}
{[%emt 00:00:07]} 21. Qb4 {[%clk 00:39:25]} {[%emt 00:07:28]} Nc4 {[%clk
00:20:32]} {[%emt 00:01:22]} 22. Bf4 {[%clk 00:36:19]} {[%emt 00:03:15]} Ba5
{[%clk 00:15:39]} {[%emt 00:05:04]} 23. Qb3 {[%clk 00:32:03]} {[%emt 00:04:26]}
Rbc8 {[%clk 00:15:25]} {[%emt 00:00:23]} 24. Ng1 {[%clk 00:28:21]} {[%emt
00:03:52]} Rfe8 {[%clk 00:14:43]} {[%emt 00:00:52]} 25. Nf3 {[%clk 00:27:30]}
{[%emt 00:01:01]} f6 {[%clk 00:14:43]} {[%emt 00:00:05]} 26. Nd2 {[%clk
00:21:51]} {[%emt 00:05:49]} Bxd2 {[%clk 00:14:31]} {[%emt 00:00:22]} 27. Rxd2
{[%clk 00:19:39]} {[%emt 00:02:22]} Nxd2 {[%clk 00:14:30]} {[%emt 00:00:10]} 28.
Bxd2 {[%clk 00:19:39]} {[%emt 00:00:05]} Rxc1 {[%clk 00:14:09]} {[%emt
00:00:31]} 29. Bxc1 {[%clk 00:19:39]} {[%emt 00:00:05]} h5 {[%clk 00:12:12]}
{[%emt 00:02:07]} 30. Qf3 {[%clk 00:18:51]} {[%emt 00:00:58]} Re4 {[%clk
00:11:56]} {[%emt 00:00:27]} 31. Be3 {[%clk 00:17:54]} {[%emt 00:01:06]} h4
{[%clk 00:11:51]} {[%emt 00:00:16]} 32. gxh4 {[%clk 00:15:48]} {[%emt
00:02:15]} Rxh4 {[%clk 00:11:50]} {[%emt 00:00:11]} 33. Qg3 {[%clk 00:15:48]}
{[%emt 00:00:05]} Rh5 {[%clk 00:11:23]} {[%emt 00:00:35]} 34. f3 {[%clk
00:15:05]} {[%emt 00:00:56]} Kf7 {[%clk 00:10:53]} {[%emt 00:00:39]} 35. h4
{[%clk 00:13:25]} {[%emt 00:01:50]} Rh8 {[%clk 00:10:45]} {[%emt 00:00:18]} 36.
Bf2 {[%clk 00:13:05]} {[%emt 00:00:30]} Re8 {[%clk 00:10:36]} {[%emt 00:00:19]}
37. Qf4 {[%clk 00:12:14]} {[%emt 00:01:00]} a6 {[%clk 00:09:29]} {[%emt
00:01:18]} 38. b3 {[%clk 00:11:41]} {[%emt 00:00:43]} Qc8 {[%clk 00:09:13]}
{[%emt 00:00:25]} 39. Qd6 {[%clk 00:11:16]} {[%emt 00:00:35]} Qc6 {[%clk
00:09:13]} {[%emt 00:00:07]} 40. Qf4 {[%clk 00:11:16]} {[%emt 00:00:05]} Qc2
{[%clk 00:09:05]} {[%emt 00:00:19]} 41. h5 {[%clk 00:10:11]} {[%emt 00:01:14]}
Re2 {[%clk 00:08:52]} {[%emt 00:00:24]} 42. Qg3 {[%clk 00:10:11]} {[%emt
00:00:11]} Qxa2 {[%clk 00:08:16]} {[%emt 00:00:46]} 43. Qc7+ {[%clk 00:10:00]}
{[%emt 00:00:21]} Re7 {[%clk 00:07:42]} {[%emt 00:00:44]} 44. Qb6 {[%clk
00:09:38]} {[%emt 00:00:33]} Qc2 {[%clk 00:07:38]} {[%emt 00:00:14]} 45. Qc5
{[%clk 00:09:15]} {[%emt 00:00:33]} Qxc5 {[%clk 00:07:22]} {[%emt 00:00:26]} 46.
dxc5 {[%clk 00:09:15]} {[%emt 00:00:05]} Re2 {[%clk 00:07:22]} {[%emt
00:00:08]} 0-1

[Event "2025 National K-12 Grade Championship"]
[Site "Spokane, WI USA, United States"]
[Date "2025.12.13"]
[Round "3.14"]
[White "Kumar, Anirudh"]
[Black "Zhu, Ryan"]
[Result "1/2-1/2"]
[TimeControl "G/90; d10"]
[WhiteFideId "39923339"]
[BlackFideId "30951828"]
[WhiteElo "1983"]
[BlackElo "2101"]

1. e4 {[%clk 01:30:00]} c5 {[%clk 01:29:56]} {[%emt 00:00:14]} 2. c3 {[%clk
01:30:00]} {[%emt 00:00:03]} Nf6 {[%clk 01:29:56]} {[%emt 00:00:05]} 3. e5
{[%clk 01:30:00]} {[%emt 00:00:03]} Nd5 {[%clk 01:29:56]} {[%emt 00:00:06]} 4.
d4 {[%clk 01:30:00]} {[%emt 00:00:04]} cxd4 {[%clk 01:29:56]} {[%emt 00:00:04]}
5. Nf3 {[%clk 01:30:00]} {[%emt 00:00:04]} Nc6 {[%clk 01:29:56]} {[%emt
00:00:05]} 6. Bc4 {[%clk 01:30:00]} {[%emt 00:00:07]} Nb6 {[%clk 01:29:48]}
{[%emt 00:00:18]} 7. Bb3 {[%clk 01:30:00]} {[%emt 00:00:04]} d6 {[%clk
01:28:47]} {[%emt 00:01:11]} 8. exd6 {[%clk 01:30:00]} {[%emt 00:00:06]} Qxd6
{[%clk 01:27:37]} {[%emt 00:01:16]} 9. O-O {[%clk 01:30:00]} {[%emt 00:00:06]}
Be6 {[%clk 01:25:18]} {[%emt 00:02:28]} 10. Bxe6 {[%clk 01:29:32]} {[%emt
00:00:39]} Qxe6 {[%clk 01:25:18]} {[%emt 00:00:09]} 11. Nxd4 {[%clk 01:29:32]}
{[%emt 00:00:03]} Nxd4 {[%clk 01:24:11]} {[%emt 00:01:17]} 12. Qxd4 {[%clk
01:29:32]} {[%emt 00:00:03]} Rd8 {[%clk 01:22:37]} {[%emt 00:01:43]} 13. Qf4
{[%clk 01:25:38]} {[%emt 00:04:05]} g6 {[%clk 01:07:11]} {[%emt 00:15:36]} 14.
a4 {[%clk 01:14:07]} {[%emt 00:11:41]} Bg7 {[%clk 01:01:02]} {[%emt 00:06:18]}
15. a5 {[%clk 01:07:45]} {[%emt 00:06:33]} Nd5 {[%clk 00:53:51]} {[%emt
00:07:20]} 16. Qa4+ {[%clk 01:06:31]} {[%emt 00:01:25]} Qd7 {[%clk 00:53:27]}
{[%emt 00:00:34]} 17. Qxd7+ {[%clk 01:04:15]} {[%emt 00:02:26]} Rxd7 {[%clk
00:50:59]} {[%emt 00:02:38]} 18. Rd1 {[%clk 00:57:01]} {[%emt 00:07:23]} O-O
{[%clk 00:48:50]} {[%emt 00:02:19]} 19. Be3 {[%clk 00:55:16]} {[%emt 00:01:56]}
a6 {[%clk 00:42:58]} {[%emt 00:06:02]} 20. Na3 {[%clk 00:51:23]} {[%emt
00:04:03]} Rfd8 {[%clk 00:39:35]} {[%emt 00:03:32]} 21. Nc4 {[%clk 00:43:36]}
{[%emt 00:07:57]} Bf6 {[%clk 00:36:07]} {[%emt 00:03:38]} 22. Kf1 {[%clk
00:40:28]} {[%emt 00:03:19]} e6 {[%clk 00:35:21]} {[%emt 00:00:56]} 23. Ke1
{[%clk 00:36:05]} {[%emt 00:04:33]} Rc7 {[%clk 00:26:22]} {[%emt 00:09:09]} 24.
Ra4 {[%clk 00:29:43]} {[%emt 00:06:33]} Nxe3 {[%clk 00:23:45]} {[%emt
00:02:47]} 25. fxe3 {[%clk 00:25:48]} {[%emt 00:04:04]} Rc5 {[%clk 00:22:08]}
{[%emt 00:01:47]} 26. Rxd8+ {[%clk 00:21:16]} {[%emt 00:04:43]} Bxd8 {[%clk
00:22:08]} {[%emt 00:00:01]} 27. Rb4 {[%clk 00:21:16]} {[%emt 00:00:05]} Bc7
{[%clk 00:18:02]} {[%emt 00:04:16]} 28. h3 {[%clk 00:18:30]} {[%emt 00:02:56]}
Bxa5 {[%clk 00:16:30]} {[%emt 00:01:41]} 29. Nxa5 {[%clk 00:18:30]} {[%emt
00:00:03]} Rxa5 {[%clk 00:16:30]} {[%emt 00:00:01]} 30. Rxb7 {[%clk 00:18:30]}
{[%emt 00:00:06]} Rc5 {[%clk 00:16:00]} {[%emt 00:00:38]} 31. Ke2 {[%clk
00:18:06]} {[%emt 00:00:36]} h5 {[%clk 00:14:10]} {[%emt 00:02:00]} 32. Rb6
{[%clk 00:17:37]} {[%emt 00:00:40]} a5 {[%clk 00:13:50]} {[%emt 00:00:30]} 33.
b4 {[%clk 00:17:37]} {[%emt 00:00:10]} axb4 {[%clk 00:13:45]} {[%emt 00:00:15]}
34. cxb4 {[%clk 00:17:37]} {[%emt 00:00:01]} Rc2+ {[%clk 00:13:45]} {[%emt
00:00:07]} 35. Kf3 {[%clk 00:17:03]} {[%emt 00:00:44]} Rb2 {[%clk 00:13:45]}
{[%emt 00:00:08]} 36. h4 {[%clk 00:16:58]} {[%emt 00:00:16]} 1/2-1/2

[Event "2025 National K-12 Grade Championship"]
[Site "Spokane, WI USA, United States"]
[Date "2025.12.13"]
[Round "3.15"]
[White "Sargsyan, Vahan"]
[Black "Shevelenko, Leon"]
[Result "1-0"]
[TimeControl "G/90; d10"]
[WhiteFideId "150267502"]
[BlackFideId "39951278"]
[WhiteElo "1921"]
[BlackElo "2069"]

1. d4 {[%clk 01:30:00]} {[%emt 00:00:01]} d5 {[%clk 01:29:42]} {[%emt
00:00:28]} 2. c4 {[%clk 01:30:00]} {[%emt 00:00:05]} c6 {[%clk 01:29:12]}
{[%emt 00:00:40]} 3. Nf3 {[%clk 01:30:00]} {[%emt 00:00:04]} Nf6 {[%clk
01:28:07]} {[%emt 00:01:15]} 4. g3 {[%clk 01:30:00]} {[%emt 00:00:05]} dxc4
{[%clk 01:21:09]} {[%emt 00:07:08]} 5. Bg2 {[%clk 01:29:35]} {[%emt 00:00:35]}
Nbd7 {[%clk 01:19:49]} {[%emt 00:01:31]} 6. O-O {[%clk 01:28:28]} {[%emt
00:01:17]} g6 {[%clk 01:18:11]} {[%emt 00:01:48]} 7. Nbd2 {[%clk 01:26:32]}
{[%emt 00:02:06]} Nb6 {[%clk 01:17:31]} {[%emt 00:00:50]} 8. Qc2 {[%clk
01:25:39]} {[%emt 00:01:04]} Bg7 {[%clk 01:16:58]} {[%emt 00:00:43]} 9. a4
{[%clk 01:22:57]} {[%emt 00:02:51]} a5 {[%clk 01:15:55]} {[%emt 00:01:13]} 10.
Nxc4 {[%clk 01:20:47]} {[%emt 00:02:20]} Nxc4 {[%clk 01:14:49]} {[%emt
00:01:15]} 11. Qxc4 {[%clk 01:19:40]} {[%emt 00:01:17]} Be6 {[%clk 01:14:11]}
{[%emt 00:00:48]} 12. Qc2 {[%clk 01:17:24]} {[%emt 00:02:26]} Bd5 {[%clk
00:49:38]} {[%emt 00:24:44]} 13. Re1 {[%clk 01:13:39]} {[%emt 00:03:55]} Be4
{[%clk 00:40:40]} {[%emt 00:09:07]} 14. Qb3 {[%clk 01:10:08]} {[%emt 00:03:40]}
O-O {[%clk 00:38:26]} {[%emt 00:02:25]} 15. Bd2 {[%clk 01:04:40]} {[%emt
00:05:38]} Qc8 {[%clk 00:21:57]} {[%emt 00:16:39]} 16. Rac1 {[%clk 01:02:47]}
{[%emt 00:02:03]} Rd8 {[%clk 00:21:49]} {[%emt 00:00:19]} 17. Ng5 {[%clk
01:01:41]} {[%emt 00:01:15]} Bxg2 {[%clk 00:07:36]} {[%emt 00:14:23]} 18. Qxf7+
{[%clk 01:00:36]} {[%emt 00:01:14]} Kh8 {[%clk 00:07:36]} {[%emt 00:00:03]} 19.
Ne6 {[%clk 00:58:01]} {[%emt 00:02:45]} Rg8 {[%clk 00:07:05]} {[%emt 00:00:41]}
20. Kxg2 {[%clk 00:56:51]} {[%emt 00:01:20]} Qd7 {[%clk 00:06:47]} {[%emt
00:00:30]} 21. Ng5 {[%clk 00:53:40]} {[%emt 00:03:20]} Rgf8 {[%clk 00:03:47]}
{[%emt 00:03:10]} 22. Qb3 {[%clk 00:51:59]} {[%emt 00:01:50]} h6 {[%clk
00:03:07]} {[%emt 00:00:51]} 23. Ne6 {[%clk 00:49:44]} {[%emt 00:02:25]} Rfe8
{[%clk 00:03:07]} {[%emt 00:00:10]} 24. Nf4 {[%clk 00:44:39]} {[%emt 00:05:15]}
Qxd4 {[%clk 00:00:46]} {[%emt 00:02:31]} 25. Bc3 {[%clk 00:41:41]} {[%emt
00:03:07]} Qe4+ {[%clk 00:00:27]} {[%emt 00:00:31]} 26. f3 {[%clk 00:41:26]}
{[%emt 00:00:24]} Qf5 {[%clk 00:00:16]} {[%emt 00:00:21]} 27. e4 {[%clk
00:40:53]} {[%emt 00:00:43]} Qg5 {[%clk 00:00:16]} {[%emt 00:00:02]} 28. h4
{[%clk 00:40:50]} {[%emt 00:00:12]} Qc5 {[%clk 00:00:03]} {[%emt 00:00:24]} 29.
Bxf6 {[%clk 00:40:46]} {[%emt 00:00:14]} Qd6 {[%clk 00:00:03]} {[%emt
00:00:02]} 30. Bxg7+ {[%clk 00:40:33]} {[%emt 00:00:23]} Kxg7 {[%clk 00:00:03]}
{[%emt 00:00:01]} 31. Rcd1 {[%clk 00:39:29]} {[%emt 00:01:13]} Qc5 {[%clk
00:00:03]} {[%emt 00:00:04]} 32. Ne6+ {[%clk 00:39:29]} {[%emt 00:00:05]} 1-0